| 000 -LEADER |
| fixed length control field |
00386 a2200145 4500 |
| 003 - CONTROL NUMBER IDENTIFIER |
| control field |
OSt |
| 005 - DATE AND TIME OF LATEST TRANSACTION |
| control field |
20240117120123.0 |
| 008 - FIXED-LENGTH DATA ELEMENTS--GENERAL INFORMATION |
| fixed length control field |
240117b ||||| |||| 00| 0 eng d |
| 020 ## - INTERNATIONAL STANDARD BOOK NUMBER |
| International Standard Book Number |
9783836535601 |
| 082 ## - DEWEY DECIMAL CLASSIFICATION NUMBER |
| Classification number |
728.09 |
| 100 ## - MAIN ENTRY--PERSONAL NAME |
| Personal name |
Smith, Elizabeth A. T., |
| Dates associated with a name |
1958- |
| 245 ## - TITLE STATEMENT |
| Title |
Case study houses : 1945-1966 : the Californian impetus |
| 260 ## - PUBLICATION, DISTRIBUTION, ETC. (IMPRINT) |
| Name of publisher, distributor, etc |
Taschen GmbH |
| Date of publication, distribution, etc |
2021 |
| 942 ## - ADDED ENTRY ELEMENTS (KOHA) |
| Source of classification or shelving scheme |
|